书目信息 |
| 题名: |
新中国经济学研究70年
|
|
| 作者: | 张卓元 , 张晓晶 主编 | |
| 分册: | 上卷 | |
| 出版信息: | 北京 中国社会科学出版社 2019.12 |
|
| 页数: | 622页 | |
| 开本: | 25cm | |
| 丛书名: | 庆祝中华人民共和国成立70周年书系 | |
| 单 册: | ||
| 中图分类: | F120.2 | |
| 科图分类: | ||
| 主题词: | 经济学--jing ji xue--研究--中国--1949-2019 | |
| 电子资源: | ||
| ISBN: | 978-7-5203-4979-6 | |
| 000 | 01258nam 2200289 450 | |
| 001 | 202021192903 | |
| 005 | 20211025120136.0 | |
| 010 | @a978-7-5203-4979-6@b精装@dCNY199.50 | |
| 100 | @a20210925d2019 em y0chiy50 ea | |
| 101 | 0 | @achi |
| 102 | @aCN@b110000 | |
| 105 | @ay a 000yy | |
| 106 | @ar | |
| 200 | 1 | @a新中国经济学研究70年@Axin zhong guo jing ji xue yan jiu 70 nian@h上卷@f张卓元, 张晓晶主编 |
| 210 | @a北京@c中国社会科学出版社@d2019.12 | |
| 215 | @a622页@d25cm | |
| 225 | 2 | @a庆祝中华人民共和国成立70周年书系@Aqing zhu zhong hua ren min gong he guo cheng li 70 zhou nian shu xi@i国家哲学社会科学学术研究史 |
| 300 | @a中国社会科学院 | |
| 320 | @a有书目 (第1047-1103页) | |
| 330 | @a本书按编年体排列的写作风格概括了新中国成立以来中国经济学主要是理论经济学70年来的思想、理念、成果。内容包括: 斯大林《苏联社会主义经济问题》在中国的传播及讨论 ; 20世纪50年代关于计划与市场关系和商品、价值问题的探索与争鸣等。 | |
| 410 | 0 | @12001 @a庆祝中华人民共和国成立70周年书系@i国家哲学社会科学学术研究史 |
| 606 | 0 | @a经济学@Ajing ji xue@x研究@y中国@z1949-2019 |
| 690 | @aF120.2@v5 | |
| 701 | 0 | @a张卓元@Azhang zhuo yuan@4主编 |
| 701 | 0 | @a张晓晶@Azhang xiao jing@4主编 |
| 801 | 0 | @aCN@c20210909 |
| 905 | @a河南城建学院图书馆@dF120.2@eZ258:1 | |
| 新中国经济学研究70年.上卷/张卓元, 张晓晶主编.-北京:中国社会科学出版社,2019.12 |
| 622页;25cm.-(庆祝中华人民共和国成立70周年书系.国家哲学社会科学学术研究史) |
| 中国社会科学院 |
| ISBN 978-7-5203-4979-6(精装):CNY199.50 |
| 本书按编年体排列的写作风格概括了新中国成立以来中国经济学主要是理论经济学70年来的思想、理念、成果。内容包括: 斯大林《苏联社会主义经济问题》在中国的传播及讨论 ; 20世纪50年代关于计划与市场关系和商品、价值问题的探索与争鸣等。 |
| ● |
| 相关链接 |
|
|
|
正题名:新中国经济学研究70年
索取号:F120.2/Z258:1
 
预约/预借
| 序号 | 登录号 | 条形码 | 馆藏地/架位号 | 状态 | 备注 |
| 1 | 1542114 | 215421149 | 社科库409/409社科库 68排1列2层/ [索取号:F120.2/Z258:1] | 在馆 |